Construction materials (Record no. 3506)

000 -LEADER
fixed length control field 00497nam a22002057a 4500
001 - CONTROL NUMBER
control field 3506
003 - CONTROL NUMBER IDENTIFIER
control field BD-DhUET
008 - FIXED-LENGTH DATA ELEMENTS--GENERAL INFORMATION
fixed length control field 0
020 ## - INTERNATIONAL STANDARD BOOK NUMBER
International Standard Book Number 0419154701
040 ## - CATALOGING SOURCE
Transcribing agency 0
Modifying agency BD-DhUET
082 ## - DEWEY DECIMAL CLASSIFICATION NUMBER
Classification number 620.136
Item number ILL/1994
100 ## - MAIN ENTRY--PERSONAL NAME
Personal name Illston, J. M.
245 ## - TITLE STATEMENT
Title Construction materials
Remainder of title their nature and behavior
250 ## - EDITION STATEMENT
Edition statement 1st ed.
260 ## - PUBLICATION, DISTRIBUTION, ETC. (IMPRINT)
Place of publication, distribution, etc. London
Name of publisher, distributor, etc. E & FN Spon
Date of publication, distribution, etc. 1994
300 ## - PHYSICAL DESCRIPTION
Extent xxiii, 517 p.
Other physical details ill.
Dimensions 20 cm.
504 ## - BIBLIOGRAPHY, ETC. NOTE
Bibliography, etc Includes bibliographies
650 #0 - SUBJECT ADDED ENTRY--TOPICAL TERM
Topical term or geographic name as entry element Concrete-Engineering
942 ## - ADDED ENTRY ELEMENTS (KOHA)
Koha item type General Book
Holdings
Koha normalized classification for sorting Sublocation or collection (holding branch) Not for loan Koha issues (times borrowed) Location (home branch) Koha full call number Piece designation (barcode) Koha date last borrowed Lost status Date acquired Shelving location Koha renewals Copy number Source of classification or shelving scheme Koha date last seen Koha item type Withdrawn status Damaged status Price effective from
620_136000000000000_ILL_1994Central Library, BUET 1Central Library, BUET620.136/ILL/1994924902015-03-04 2014-11-01Circulation section 1 2021-06-30General Book  2014-11-01
620_136000000000000_ILL_1994Central Library, BUET  Central Library, BUET620.136/ILL/199492503  2014-11-01Circulation section 2 2014-11-01General Book  2014-11-01
620_136000000000000_ILL_1994Central Library, BUET 1Central Library, BUET620.136/ILL/1994924992021-08-28 2014-11-01Circulation section 3 2021-08-28General Book  2014-11-01
620_136000000000000_ILL_1994Central Library, BUET  Central Library, BUET620.136/ILL/199492494  2014-11-01Circulation section24 2016-03-12General Book  2014-11-01
620_136000000000000_ILL_1994Central Library, BUET  Central Library, BUET620.136/ILL/199492501  2014-11-01Circulation section 5 2014-11-01General Book  2014-11-01
620_136000000000000_ILL_1994Central Library, BUET 1Central Library, BUET620.136/ILL/1994924862024-09-07 2014-11-01Circulation section 6 2024-09-14General Book  2014-11-01
620_136000000000000_ILL_1994Central Library, BUET  Central Library, BUET620.136/ILL/199492484  2015-06-14Reading section 7 2015-06-14Reading Item  2015-06-14